[Event "Niedersachsen-ch op A"]
[Site "Verden"]
[Date "2019.01.03"]
[Round "1"]
[White "Lammers, Frank"]
[Black "Nordhorn, Horst"]
[Result "1/2-1/2"]
[WhiteElo "1900"]
[BlackElo "1743"]
[PlyCount "81"]
[EventDate "2019.01.03"]
[EventType "swiss"]
[EventRounds "7"]
[EventCountry "GER"]
[SourceTitle "EXT 2022"]
[Source "ChessBase"]
[SourceDate "2021.10.06"]
[SourceVersion "1"]
[SourceVersionDate "2021.10.06"]
[SourceQuality "1"]

1. c4 g6 2. g3 Bg7 3. Bg2 f5 4. Nc3 c6 5. e3 Nf6 6. Nge2 d6 7. 0-0 e5 8. d3 Na6 9. Rb1 0-0 10. b4 Nc7 11. b5 d5 12. bxc6 bxc6 13. Ba3 Re8 14. Qa4 Bd7 15. Qa5 e4 16. cxd5 Ncxd5 17. Qxd8 Raxd8 18. dxe4 Nxc3 19. Nxc3 Nxe4 20. Nxe4 fxe4 21. Rfc1 Bg4 22. Bb4 Re6 23. h3 Be2 24. Bf1 Bxf1 25. Kxf1 Bf8 26. Ke2 Bxb4 27. Rxb4 Rd7 28. Rcc4 Rde7 29. a4 Kf7 30. a5 h5 31. h4 Ke8 32. a6 c5 33. Ra4 Re5 34. Ra5 Rc7 35. Rb5 Kd7 36. Rc2 Rd5 37. Rcb2 Rd6 38. Ra5 c4 39. Rc2 c3 40. Ra4 Re6 41. Rd4+ 1/2-1/2

[Event "Niedersachsen-ch op-B"]
[Site "Verden"]
[Date "2017.01.07"]
[Round "6"]
[White "Kiesel, Harald"]
[Black "Lammers, Frank"]
[Result "1/2-1/2"]
[WhiteElo "2101"]
[BlackElo "2019"]
[PlyCount "96"]
[EventDate "2017.01.05"]
[EventType "swiss"]
[EventRounds "7"]
[EventCountry "GER"]
[SourceTitle "CBM 187 Extra"]
[Source "ChessBase"]
[SourceDate "2018.11.04"]
[SourceVersion "1"]
[SourceVersionDate "2018.11.04"]
[SourceQuality "1"]

1. e4 e6 2. d4 d5 3. Nc3 Nf6 4. e5 Nfd7 5. f4 c5 6. Nf3 Nc6 7. Be3 Be7 8. Qd2 0-0 9. dxc5 Nxc5 10. 0-0-0 a6 11. Qf2 Qa5 12. Kb1 Na4 13. Nxa4 Qxa4 14. Nd4 Nxd4 15. Bxd4 Bd7 16. h4 Rac8 17. h5 f5 18. h6 g6 19. Bd3 Bb5 20. c3 Bxd3+ 21. Rxd3 Qc4 22. Rdd1 b5 23. g4 fxg4 24. Rhg1 Rf5 25. Rxg4 Rh5 26. b3 Qc6 27. Rdg1 Qe8 28. Qg2 Qf7 29. Kb2 Qf5 30. Rg3 Rxh6 31. Be3 Kg7 32. Rc1 Rh5 33. Qe2 Rh3 34. Rxh3 Qxh3 35. Bd4 Qf5 36. a4 Qxf4 37. axb5 Ba3+ 38. Kxa3 Qxc1+ 39. Kb4 a5+ 40. Kxa5 Qa3+ 41. Kb6 Qe7 42. Qf2 Rb8+ 43. Kc6 Qb7+ 44. Kd6 Rd8+ 45. Kc5 Qe7+ 46. Kb6 Rb8+ 47. Kc6 Qe8+ 48. Kd6 Rd8+ 1/2-1/2

[Event "Niedersachsen-ch op-B"]
[Site "Verden"]
[Date "2017.01.05"]
[Round "1"]
[White "Lammers, Frank"]
[Black "Steffens, Olaf"]
[Result "0-1"]
[WhiteElo "2019"]
[BlackElo "2250"]
[PlyCount "70"]
[EventDate "2017.01.05"]
[EventType "swiss"]
[EventRounds "7"]
[EventCountry "GER"]
[SourceTitle "CBM 187 Extra"]
[Source "ChessBase"]
[SourceDate "2018.11.04"]
[SourceVersion "1"]
[SourceVersionDate "2018.11.04"]
[SourceQuality "1"]

1. d4 b6 2. Nf3 Ba6 3. Bf4 g6 4. Nbd2 Bg7 5. c3 e6 6. e4 Bxf1 7. Nxf1 d6 8. N1d2 Nd7 9. 0-0 Ne7 10. a4 a6 11. b4 0-0 12. Qb3 h6 13. b5 Kh7 14. a5 f5 15. exf5 Rxf5 16. Be3 axb5 17. axb6 Nxb6 18. Qxe6 Ned5 19. Rxa8 Qxa8 20. Ne4 Qd8 21. Ra1 Nxe3 22. fxe3 d5 23. Ned2 Na4 24. Qc6 Qe7 25. Kf2 Rf6 26. Qxb5 Nxc3 27. Qd3 Ne4+ 28. Kg1 c5 29. Rc1 c4 30. Qe2 Qa3 31. Qe1 Re6 32. Nxe4 Rxe4 33. Rc3 Qb2 34. Qd2 Qxd2 35. Nxd2 Rxd4 0-1

[Event "Niedersachsen-ch op"]
[Site "Verden"]
[Date "2016.01.05"]
[Round "6"]
[White "Freitag, Christian"]
[Black "Lammers, Frank"]
[Result "1/2-1/2"]
[WhiteElo "1804"]
[BlackElo "2022"]
[PlyCount "81"]
[EventDate "2016.01.03"]
[EventType "swiss"]
[EventRounds "7"]
[EventCountry "GER"]
[SourceTitle "EXT 2018"]
[Source "ChessBase"]
[SourceDate "2017.10.13"]
[SourceVersion "1"]
[SourceVersionDate "2017.10.13"]
[SourceQuality "1"]

1. Nf3 d5 2. g3 c6 3. Bg2 g6 4. 0-0 Bg7 5. d3 Nf6 6. Re1 0-0 7. Nbd2 Nbd7 8. e4 Nb6 9. e5 Ne8 10. Nb3 Bg4 11. h3 Bxf3 12. Qxf3 e6 13. h4 h6 14. a4 Nd7 15. d4 b6 16. Be3 Nc7 17. h5 g5 18. Qg4 f5 19. exf6 Qxf6 20. f4 gxf4 21. Bxf4 Rac8 22. Bxc7 Rxc7 23. Qxe6+ Qxe6 24. Rxe6 Nf6 25. Rae1 Nxh5 26. Rxc6 Rd7 27. Bh3 Rdd8 28. Re7 Rde8 29. Rcc7 Rxe7 30. Rxe7 Nxg3 31. c3 Rd8 32. Be6+ Kh8 33. Rxa7 Ne2+ 34. Kh2 Nf4 35. Bf5 Rf8 36. Bb1 Kg8 37. Rb7 Rf6 38. a5 bxa5 39. Nxa5 Bf8 40. Rd7 Rb6 41. b4 1/2-1/2

[Event "Niedersachsen-ch op"]
[Site "Verden"]
[Date "2016.01.05"]
[Round "5"]
[White "Lammers, Frank"]
[Black "Behn, Cord"]
[Result "1-0"]
[WhiteElo "2022"]
[BlackElo "1812"]
[PlyCount "125"]
[EventDate "2016.01.03"]
[EventType "swiss"]
[EventRounds "7"]
[EventCountry "GER"]
[SourceTitle "EXT 2018"]
[Source "ChessBase"]
[SourceDate "2017.10.13"]
[SourceVersion "1"]
[SourceVersionDate "2017.10.13"]
[SourceQuality "1"]

1. d4 Nf6 2. Bg5 e6 3. Nd2 h6 4. Bh4 g5 5. Bg3 Bg7 6. e3 c5 7. c3 Qb6 8. Nc4 Qc6 9. Nd6+ Ke7 10. Nf3 Ne4 11. Nxe4 Qxe4 12. dxc5 Qc6 13. Bd6+ Ke8 14. Nd4 Qe4 15. Qd3 Qxd3 16. Bxd3 a6 17. 0-0 Nc6 18. Be2 Bf8 19. Bxf8 Rxf8 20. a4 Ke7 21. Rfd1 f5 22. b4 e5 23. Nb3 Rf6 24. Rd2 d6 25. cxd6+ Rxd6 26. Rxd6 Kxd6 27. Rd1+ Ke7 28. a5 Be6 29. Nc5 Nd8 30. Kf1 Rc8 31. Ke1 Rc6 32. Rd2 Rd6 33. Rxd6 Kxd6 34. Nxe6 Nxe6 35. Bc4 Nc7 36. Kd2 Ne8 37. f3 e4 38. Bb3 Ke5 39. fxe4 fxe4 40. Bd1 Nd6 41. Be2 Kd5 42. g4 Ne8 43. c4+ Ke5 44. b5 Kd6 45. bxa6 bxa6 46. c5+ Kxc5 47. Bxa6 Kb4 48. Bb7 Kxa5 49. Bxe4 Kb4 50. Kd3 Kc5 51. Ba8 Nf6 52. h3 Kd6 53. Kd4 Ke6 54. Bb7 h5 55. Bc8+ Kd6 56. e4 Ne8 57. gxh5 Ke7 58. e5 Nc7 59. Ke4 Na8 60. Kf5 Nb6 61. h6 Kf8 62. Be6 Na4 63. Kf6 1-0

[Event "Vellmar op-A 5th"]
[Site "Vellmar"]
[Date "2013.07.26"]
[Round "3"]
[White "Lammers, Frank"]
[Black "Kiesel, Harald"]
[Result "0-1"]
[WhiteElo "1998"]
[BlackElo "2140"]
[PlyCount "116"]
[EventDate "2013.07.25"]
[EventType "swiss"]
[EventRounds "7"]
[EventCountry "GER"]
[SourceTitle "EXT 2015"]
[Source "ChessBase"]
[SourceDate "2014.11.20"]
[SourceVersion "1"]
[SourceVersionDate "2014.11.20"]
[SourceQuality "1"]

1. d4 e6 2. Nf3 Nf6 3. Bf4 d5 4. e3 c5 5. c3 Nc6 6. Nbd2 Bd6 7. Bxd6 Qxd6 8. Bb5 0-0 9. 0-0 b6 10. Bxc6 Qxc6 11. Ne5 Qc7 12. f4 Ne4 13. Nxe4 dxe4 14. Rc1 Bb7 15. Qg4 Rad8 16. Qg3 Ba6 17. Rfe1 f6 18. Ng4 Kh8 19. h4 Qf7 20. b3 Qg6 21. Kh2 Rd7 22. Nf2 Qf5 23. Qh3 Rfd8 24. Qxf5 exf5 25. g4 fxg4 26. Nxg4 Rc8 27. Nf2 f5 28. Red1 Be2 29. Rd2 Bf3 30. Nd1 Rc6 31. Kg1 Kg8 32. Nb2 cxd4 33. exd4 e3 34. Rd3 Rg6+ 35. Kf1 Re7 36. Re1 Bg2+ 37. Ke2 Bh3 38. Kd1 Rg2 39. Kc1 Rh2 40. Rdxe3 Rxe3 41. Rxe3 Rh1+ 42. Kd2 Kf8 43. d5 Bg2 44. c4 Be4 45. Nd3 Rxh4 46. b4 Ke8 47. c5 Rh2+ 48. Kc3 Rxa2 49. Kb3 Rd2 50. Kc3 Rxd3+ 51. Rxd3 Bxd3 52. Kxd3 bxc5 53. bxc5 h5 54. Kd4 h4 55. c6 h3 56. d6 h2 57. c7 Kd7 58. Ke5 h1Q 0-1

[Event "Lingen op 4th"]
[Site "Lingen"]
[Date "2012.07.20"]
[Round "1"]
[White "Baumann, Kai Uwe"]
[Black "Lammers, Frank"]
[Result "0-1"]
[WhiteElo "1728"]
[BlackElo "1997"]
[PlyCount "70"]
[EventDate "2012.07.20"]
[EventType "swiss"]
[EventRounds "5"]
[EventCountry "GER"]
[SourceTitle "EXT 2013"]
[Source "ChessBase"]
[SourceDate "2012.11.22"]
[SourceVersion "1"]
[SourceVersionDate "2012.11.22"]
[SourceQuality "1"]

1. e4 c6 2. d4 d5 3. exd5 cxd5 4. Bd3 Qc7 5. Nc3 e6 6. Nb5 Qb6 7. Bf4 Na6 8. Nf3 Bd7 9. a4 Nf6 10. a5 Qd8 11. Bd6 Bc6 12. Bxf8 Kxf8 13. Qd2 Qe7 14. c3 Nc7 15. Qe2 a6 16. Nxc7 Qxc7 17. 0-0 Ke7 18. Ne5 Rhe8 19. f4 Kf8 20. g4 Ne4 21. f5 f6 22. fxe6 Rxe6 23. Bxe4 dxe4 24. Nxc6 Qxc6 25. Rf5 g6 26. Rc5 Qd6 27. Qe3 Kg7 28. Ra4 Rae8 29. Rac4 R8e7 30. b4 Qd7 31. d5 Re5 32. h3 Rxd5 33. Rxe4 Rxe4 34. Qxe4 Rd1+ 35. Kf2 Qd2+ 0-1

[Event "Braunschweig Oker Cup"]
[Site "Braunschweig"]
[Date "2011.12.04"]
[Round "4"]
[White "Lammers, Frank"]
[Black "Poelig, Juergen"]
[Result "1-0"]
[WhiteElo "1990"]
[BlackElo "1936"]
[PlyCount "97"]
[EventDate "2011.12.02"]
[EventType "swiss"]
[EventRounds "5"]
[EventCountry "GER"]
[SourceTitle "EXT 2013"]
[Source "ChessBase"]
[SourceDate "2012.11.22"]
[SourceVersion "1"]
[SourceVersionDate "2012.11.22"]
[SourceQuality "1"]

1. Nf3 e6 2. d4 d5 3. e3 c5 4. b3 Nc6 5. Bb2 Nf6 6. Bd3 Bd6 7. Nbd2 0-0 8. Ne5 Nb4 9. Be2 Nd7 10. a3 Nc6 11. Nxc6 bxc6 12. Nf3 f6 13. 0-0 e5 14. dxc5 Nxc5 15. c4 Be6 16. Rc1 a5 17. Nd2 Qb6 18. Bc3 Nd7 19. cxd5 cxd5 20. a4 Rab8 21. Bb5 Rfd8 22. Bb2 Nc5 23. Ba3 Rbc8 24. b4 axb4 25. Bxb4 Ra8 26. Bxc5 Bxc5 27. Nb3 Rdc8 28. Nxc5 Rxc5 29. Qd2 Rac8 30. h3 Qc7 31. Rxc5 Qxc5 32. Qa2 Kf7 33. Qa1 d4 34. exd4 exd4 35. Rd1 Qc3 36. Qb1 Rd8 37. Qd3 Qc5 38. Qxh7 Bb3 39. Re1 Bc2 40. Qh4 d3 41. Bc4+ Kg6 42. Qe4+ Kh6 43. Bf7 Qg5 44. h4 d2 45. hxg5+ fxg5 46. Qc6+ Kh7 47. Qxc2+ Kh8 48. Re8+ Rxe8 49. Bxe8 1-0

[Event "Wilhelm Werner Memorial-H 27th"]
[Site "Bockenem"]
[Date "2002.05.11"]
[Round "5"]
[White "Lammers, Frank"]
[Black "Wiege, Gerald"]
[Result "1/2-1/2"]
[WhiteElo "1895"]
[BlackElo "1960"]
[PlyCount "81"]
[EventDate "2002.05.??"]
[EventType "swiss"]
[EventRounds "7"]
[EventCountry "GER"]
[SourceTitle "EXT 2008"]
[Source "ChessBase"]
[SourceDate "2007.11.25"]
[SourceVersion "1"]
[SourceVersionDate "2007.11.25"]
[SourceQuality "1"]

1. c4 g6 2. g3 Bg7 3. Bg2 d6 4. Nc3 Nf6 5. e3 0-0 6. Nge2 Nc6 7. 0-0 e5 8. b3 Bd7 9. h3 Rb8 10. Bb2 Re8 11. a3 a6 12. Kh2 Na5 13. d3 c5 14. b4 Nc6 15. b5 Ne7 16. a4 Nf5 17. Nd5 Nxd5 18. Bxd5 Ne7 19. Bg2 f5 20. Qb3 Kh8 21. Qc3 Ng8 22. Qb3 Nf6 23. Nc3 Be6 24. Rab1 Qe7 25. f4 Red8 26. Nd5 Bxd5 27. cxd5 e4 28. Bxf6 Bxf6 29. dxe4 fxe4 30. Qc2 Re8 31. bxa6 bxa6 32. Rxb8 Rxb8 33. Rb1 Re8 34. Rb6 a5 35. Rb5 Qd8 36. Qd2 c4 37. Qc2 c3 38. Kg1 Qc7 39. Kf2 Qc4 40. Bf1 Qc7 41. Bg2 1/2-1/2